Statistics for Sydney Suburbs

Click here to take the quiz!

General Stats

  • This quiz has been taken 14,519 times
    (10,407 since last reset)
  • The average score is 154 of 577

Answers on the Map

Answers color-coded by a green-red scale on the quiz's map according to % correct below.
 

Answer Stats

Answer% Correct
Sydney
80%
Parramatta
79%
Bondi
77%
Blacktown
74%
Manly
74%
Penrith
74%
Bankstown
73%
Ryde
71%
Hornsby
70%
North Sydney
69%
Campbelltown
68%
Liverpool
68%
Strathfield
68%
Mosman
67%
Burwood
66%
Chatswood
66%
Cronulla
66%
Newtown
63%
Randwick
63%
Redfern
63%
Mascot
61%
North Ryde
58%
Sutherland
58%
Canterbury
57%
Fairfield
57%
Camden
56%
Lane Cove
56%
Coogee
55%
Balmain
54%
Castle Hill
54%
Epping
54%
Bondi Junction
53%
Marrickville
53%
Surry Hills
53%
Hunters Hill
52%
Mount Druitt
52%
Ashfield
51%
Botany
51%
Cabramatta
51%
Auburn
50%
Maroubra
50%
Vaucluse
50%
Hurstville
49%
Macquarie Park
49%
Milsons Point
49%
Palm Beach
49%
West Ryde
49%
Homebush
48%
Rose Bay
48%
Barangaroo
47%
Eastwood
47%
Glebe
47%
Rhodes
47%
Waverley
47%
Canada Bay
46%
Leichhardt
46%
Lidcombe
46%
Petersham
46%
The Rocks
46%
Willoughby
46%
Dee Why
45%
Pyrmont
45%
Alexandria
44%
Concord
44%
Darlinghurst
44%
Emu Plains
44%
Granville
44%
Kellyville
44%
Seven Hills
44%
St Leonards
44%
Artarmon
43%
Croydon
43%
Drummoyne
43%
Gordon
43%
Kearns
43%
North Strathfield
43%
Pennant Hills
43%
Potts Point
43%
Pymble
43%
Baulkham Hills
42%
Double Bay
42%
Miranda
42%
St Marys
42%
Watsons Bay
42%
Westmead
42%
Woollahra
42%
Woolloomooloo
42%
Carlingford
41%
Five Dock
41%
Kirribilli
41%
Lakemba
41%
Lewisham
41%
Punchbowl
41%
Summer Hill
41%
Turramurra
41%
Ultimo
41%
Bondi Beach
40%
Brighton-le-Sands
40%
Bronte
40%
Haymarket
40%
Kogarah
40%
Paddington
40%
Rouse Hill
40%
Berowra
39%
Campsie
39%
Dulwich Hill
39%
Kensington
39%
Narrabeen
39%
North Bondi
39%
Rockdale
39%
Roseville
39%
Stanmore
39%
St Ives
39%
Tempe
39%
Killara
38%
Kurnell
38%
Lindfield
38%
Mona Vale
38%
Moore Park
38%
North Parramatta
38%
Revesby
38%
Sydenham
38%
Wolli Creek
38%
Zetland
38%
Dural
37%
Engadine
37%
Kingsford
37%
La Perouse
37%
Leppington
37%
Merrylands
37%
Rooty Hill
37%
St Peters
37%
Wahroonga
37%
Camperdown
36%
Cherrybrook
36%
Concord West
36%
East Ryde
36%
Harris Park
36%
Rozelle
36%
Sydney Olympic Park
36%
Beverly Hills
35%
Clovelly
35%
Clyde
35%
Denistone
35%
Erskineville
35%
Frenchs Forest
35%
Sans Souci
35%
Waterloo
35%
Waverton
35%
Wollstonecraft
35%
Annandale
34%
Beecroft
34%
Bexley
34%
Cremorne
34%
Crows Nest
34%
Edgecliff
34%
Minto
34%
Neutral Bay
34%
Toongabbie
34%
Bella Vista
33%
Caringbah
33%
Enmore
33%
Gladesville
33%
Oatley
33%
Point Piper
33%
Belmore
32%
Doonside
32%
Meadowbank
32%
Miller
32%
Padstow
32%
Schofields
32%
Silverwater
32%
Wentworthville
32%
Yagoona
32%
Arncliffe
31%
Asquith
31%
Casula
31%
Heathcote
31%
Kingsgrove
31%
Lilyfield
31%
Little Bay
31%
Northmead
31%
Tamarama
31%
Thornleigh
31%
Avalon Beach
30%
Balmain East
30%
Collaroy
30%
Curl Curl
30%
Dundas
30%
Greenacre
30%
Guildford
30%
Haberfield
30%
Ingleburn
30%
Macquarie Fields
30%
Mount Kuring-Gai
30%
Normanhurst
30%
Quakers Hill
30%
Riverwood
30%
Rydalmere
30%
Waitara
30%
Canley Vale
29%
Chippendale
29%
Dover Heights
29%
Freshwater
29%
Glenfield
29%
Kingswood
29%
Malabar
29%
Panania
29%
South Coogee
29%
Sylvania
29%
Terrey Hills
29%
Abbotsford
28%
Balgowlah
28%
Bexley North
28%
Brookvale
28%
Centennial Park
28%
Cheltenham
28%
Como
28%
Earlwood
28%
East Hills
28%
Matraville
28%
Mortdale
28%
Penshurst
28%
Rosehill
28%
West Pennant Hills
28%
Banksia
27%
Blaxland
27%
Elizabeth Bay
27%
Gymea
27%
Jannali
27%
Menai
27%
Mount Colah
27%
Newport
27%
North Rocks
27%
Norwest
27%
Riverstone
27%
Strathfield South
27%
Villawood
27%
Warrawee
27%
Wentworth Point
27%
Whale Beach
27%
Bellevue Hill
26%
Carlton
26%
Chester Hill
26%
Darlington
26%
Greenwich
26%
Manly Vale
26%
Millers Point
26%
Newington
26%
Northbridge
26%
North Epping
26%
Prospect
26%
Allawah
25%
Birchgrove
25%
Croydon Park
25%
Eastgardens
25%
Ermington
25%
Forestville
25%
Hornsby Heights
25%
Kirrawee
25%
Lane Cove West
25%
Lavender Bay
25%
Leumeah
25%
Marsfield
25%
Oran Park
25%
Pendle Hill
25%
Rushcutters Bay
25%
Seaforth
25%
Warwick Farm
25%
Chatswood West
24%
Darling Point
24%
Enfield
24%
Eveleigh
24%
Forest Lodge
24%
Greystanes
24%
Homebush West
24%
Hurlstone Park
24%
Lane Cove North
24%
Narellan
24%
North Kellyville
24%
North Manly
24%
Peakhurst
24%
Ramsgate
24%
Rosebery
24%
Telopea
24%
West Pymble
24%
Wiley Park
24%
Ashbury
23%
Belrose
23%
Birrong
23%
Cabarita
23%
Cammeray
23%
Castlecrag
23%
Denistone East
23%
Eastlakes
23%
North Curl Curl
23%
North Turramurra
23%
Putney
23%
Queens Park
23%
Roselands
23%
Sefton
23%
Turrella
23%
Werrington
23%
Woolwich
23%
Bardwell Park
22%
Berala
22%
Berowra Heights
22%
Castle Cove
22%
Dawes Point
22%
Eastern Creek
22%
Fairfield West
22%
Loftus
22%
Moorebank
22%
Regents Park
22%
Riverview
22%
Smithfield
22%
South Penrith
22%
St Clair
22%
Sylvania Waters
22%
The Ponds
22%
Wetherill Park
22%
Breakfast Point
21%
Burwood Heights
21%
Denistone West
21%
Dundas Valley
21%
East Lindfield
21%
Fairlight
21%
Milperra
21%
Narwee
21%
North Narrabeen
21%
Picnic Point
21%
Warriewood
21%
Winston Hills
21%
Yennora
21%
Bass Hill
20%
Bonnyrigg
20%
Camellia
20%
Chifley
20%
Chipping Norton
20%
Chiswick
20%
Clontarf
20%
Cremorne Point
20%
Davidson
20%
Emu Heights
20%
Glenbrook
20%
Kings Langley
20%
Longueville
20%
Pagewood
20%
Parklea
20%
Queenscliff
20%
South Granville
20%
St Ives Chase
20%
Westleigh
20%
Woolooware
20%
Airds
19%
Balgowlah Heights
19%
Bayview
19%
Beaconsfield
19%
Belfield
19%
Blakehurst
19%
Cromer
19%
Edmondson Park
19%
Georges Hall
19%
Glenwood
19%
Hoxton Park
19%
Ingleside
19%
Killarney Heights
19%
Marayong
19%
McMahons Point
19%
Mortlake
19%
Oatlands
19%
Rookwood
19%
Roseville Chase
19%
South Hurstville
19%
South Turramurra
19%
Taren Point
19%
Allambie Heights
18%
Beaumont Hills
18%
Canley Heights
18%
Caringbah South
18%
Duffys Forest
18%
East Killara
18%
Erskine Park
18%
Fairfield East
18%
Glenhaven
18%
Glenmore Park
18%
Kellyville Ridge
18%
Kings Park
18%
Lapstone
18%
Lugarno
18%
Minchinbury
18%
North Willoughby
18%
Old Toongabbie
18%
Padstow Heights
18%
Russell Lea
18%
Camden South
17%
Carramar
17%
Church Point
17%
Claymore
17%
Cobbitty
17%
Collaroy Plateau
17%
Condell Park
17%
Daceyville
17%
Dolls Point
17%
Huntleys Point
17%
Illawong
17%
Jamisontown
17%
Kyeemagh
17%
Middle Cove
17%
Mount Annan
17%
Naremburn
17%
North St Marys
17%
North Wahroonga
17%
Oyster Bay
17%
Prestons
17%
Revesby Heights
17%
Rodd Point
17%
Bangor
16%
Beacon Hill
16%
Bilgola Plateau
16%
Constitution Hill
16%
Cranebrook
16%
Fairfield Heights
16%
Girraween
16%
Gymea Bay
16%
Lalor Park
16%
Lilli Pilli
16%
Oxford Falls
16%
Pemulwuy
16%
Plumpton
16%
Sandringham
16%
Stanhope Gardens
16%
Willoughby East
16%
Woronora
16%
Alfords Point
15%
Bilgola Beach
15%
Bossley Park
15%
Cabramatta West
15%
Camden Park
15%
Cecil Hills
15%
Elanora Heights
15%
Guildford West
15%
Henley
15%
Holroyd
15%
Kurraba Point
15%
Liberty Grove
15%
Melrose Park
15%
Monterey
15%
Narraweena
15%
North Balgowlah
15%
Old Guildford
15%
Ropes Crossing
15%
Abbotsbury
14%
Barden Ridge
14%
Bardwell Valley
14%
Carss Park
14%
Greenhills Beach
14%
Gregory Hills
14%
Hillsdale
14%
Huntleys Cove
14%
Hurstville Grove
14%
Jordan Springs
14%
Kogarah Bay
14%
Leonay
14%
Linley Point
14%
Merrylands West
14%
Northwood
14%
Phillip Bay
14%
Raby
14%
Ramsgate Beach
14%
Ruse
14%
South Wentworthville
14%
Wareemba
14%
Wattle Grove
14%
Yowie Bay
14%
Bonnyrigg Heights
13%
Burraneer
13%
Clareville
13%
Clemton Park
13%
Connells Point
13%
Edensor Park
13%
Glendenning
13%
Grays Point
13%
Green Valley
13%
Kangaroo Point
13%
Lansvale
13%
Lurnea
13%
Macquarie Links
13%
Mays Hill
13%
Port Hacking
13%
Potts Hill
13%
Prairiewood
13%
Sandy Point
13%
Shalvey
13%
Tennyson Point
13%
West Hoxton
13%
Wheeler Heights
13%
Woronora Heights
13%
Acacia Gardens
12%
Ambarvale
12%
Ashcroft
12%
Bidwill
12%
Bradbury
12%
Cambridge Gardens
12%
Cambridge Park
12%
Colyton
12%
Denham Court
12%
Dharruk
12%
Eagle Vale
12%
Kareela
12%
Kyle Bay
12%
Lansdowne
12%
Mount Pritchard
12%
Mount Riverview
12%
Narellan Vale
12%
Pleasure Point
12%
Rosemeadow
12%
Smeaton Grange
12%
St Andrews
12%
St Johns Park
12%
Tregear
12%
Werrington County
12%
Whalan
12%
Yarrawarrah
12%
Beverley Park
11%
Blair Athol
11%
Bonnet Bay
11%
Busby
11%
Elizabeth Hills
11%
Hammondville
11%
Lethbridge Park
11%
Mount Lewis
11%
Oakhurst
11%
Peakhurst Heights
11%
St Helens Park
11%
Voyager Point
11%
Werrington Downs
11%
Willmot
11%
Arndell Park
10%
Bardia
10%
Blackett
10%
Caddens
10%
Claremont Meadows
10%
Colebee
10%
Dean Park
10%
Dolans Bay
10%
Elderslie
10%
Emerton
10%
Harrington Park
10%
Hebersham
10%
Hinchinbrook
10%
Llandilo
10%
Oxley Park
10%
Regentville
10%
Spring Farm
10%
Blairmount
9%
Bow Bowing
9%
Bungarribee
9%
Currans Hill
9%
Gledswood Hills
9%
Glen Alpine
9%
Hassall Grove
9%
Heckenberg
9%
Horningsea Park
9%
Huntingwood
9%
Woodcroft
9%
Carnes Hill
8%
Cartwright
8%
Eschol Park
8%
Greenfield Park
8%
Kirkham
8%
Middleton Grange
8%
Sadleir
8%
Wakeley
8%
Woodbine
8%
Woodpark
8%
Englorie Park
7%

Score Distribution

Percentile by Number Answered

Percent of People with Each Score

Your Score History

You have not taken this quiz since the last reset